| 000 | 00417nam a2200157Ia 4500 | ||
|---|---|---|---|
| 008 | 130318s9999 xx 000 0 und d | ||
| 020 | _a8173713227 | ||
| 082 | _a658.453 LEI/P | ||
| 100 | _aLeigh, Andrewn | ||
| 245 | _aPersuasive reports and proposals | ||
| 260 |
_bUniversities Press _aHyderabad _c2000 |
||
| 300 | _a83 | ||
| 440 | _aManagement Shapers | ||
| 650 | _aREPORT WRITING | ||
| 650 | _aWRITTEN COMMUNICATION | ||
| 999 |
_c199 _d199 |
||